| 000 | 00810aam a2200361 4500 | ||
|---|---|---|---|
| 005 | 20250219155543.0 | ||
| 008 | 150408b1995 xxu||||| |||| 00| 0 spa d | ||
| 020 | _a9507828270 | ||
| 041 | _aESP | ||
| 082 | _aR 603 N964n | ||
| 245 | _aNueva Enciclopedia Visual | ||
| 260 | _aArgentina | ||
| 260 | _bArte Gráfico | ||
| 300 | _a64 páginas | ||
| 650 | _aENCICLOPEDIA | ||
| 650 | _aCIENCIA | ||
| 650 | _aTECNOLOGÍA | ||
| 650 | _aHISTORIA | ||
| 650 | _aMETALES | ||
| 650 | _aTENSIÓN | ||
| 650 | _aCOMPRESIÓN | ||
| 650 | _aCONSTRUCCIÓN | ||
| 650 | _aMADERA | ||
| 650 | _aPLÁSTICOS | ||
| 650 | _aMOTORES | ||
| 650 | _aINGENIERÍA | ||
| 650 | _aAUTOMÓVILES | ||
| 650 | _aCOLOR | ||
| 650 | _aELECTRÓNICA | ||
| 650 | _aCOMPUTACIÓN | ||
| 650 | _aMEDICINA | ||
| 942 |
_cREF _2ddc |
||
| 999 |
_c9389 _d9389 |
||